LDR 00673naa#a2200169#i#450# 001 EN\\bibl\110341 005 20260604212425.4 011 ## _a2312-7937 100 ## _a20251230b2025####ek#y0engy0150####ca 102 ## _aRU 200 1# _aTHE ROLE OF EDUCATIONAL ORGANIZATIONS OF THE MINISTRY OF INTERNAL AFFAIRS OF RUSSIA IN THE FIELD OF CORRUPTION PREVENTION _eJournal article 210 1# _aDomodedovo _cAll-Russian Advanced Training Institute of the Ministry of the Interior of the Russian Federation _d2025 215 ## _a6 с. 608 ## _aJournal article _2local 675 ## _aПраво. Юридические науки. 34 _z 700 #1 _aSayetgarayev _gVilsur F 856 4# _avipkmvd.editorum.ru _u